000 01004nam0a22002891 4500
001 RU\INFOCOMM_322\NLR\5000111003
005 20250613104245.0
035 _a(NLR Aleph) 009490516
090 _a8645671
_c8645671
100 _a20121214d1986 |||y0rusy50 ca
101 1 _afre
_crus
102 _aRU
105 _ay z |||||
200 1 _aEn première ligne
_fS. Koulik
_g[Trad. du russe par Abdou Bouslama]
210 _aM.
_cProgrès
_d1986
215 _a264 с., [32] л. ил., цв. ил., портр.
_cил., цв. ил., портр.
_d17 см
300 _aНа обороте тит. л.: На переднем крае / С. Кулик
607 _aАфриканские страны
_xИстория
_2nlr_sh1
620 _aМосква
686 _aТ3(6)63
_2rubbk
700 1 _9z01790
_aKulik
_bS. F.
_gSergej Fedorovič
790 1 _9z01700
_aKoulik
_bS.
_4070
801 1 _aRU
_bInfocomm
_c20121214
801 0 _aRU
_bINFOCOMM
_gPSBO
852 _aNLR
_jИ87 Д-1/33
942 _cBOOK
980 _aNB